Interpreten nach Songs #02 - Statistiken

Allgemein
  • Dieses Quiz wurde 1.812 mal gespielt
    1.800 seit der letzten Aktualisierung
  • Das Durchschnittsergebnis liegt bei 20 aus 40
Antwortstatistiken
Hint Antwort % Korrekt
Shake it off Taylor Swift
88%
Bilder im Kopf Sido
82%
Africa Toto
81%
Wrecking Ball Miley Cyrus
80%
My Heart Will Go On Celine Dion
75%
Tage wie diese Die Toten Hosen
74%
Marry You Bruno Mars
73%
Take On Me a-ha
70%
Thunder Imagine Dragons
68%
Blinding Lights The Weeknd
67%
Happy Pharrell Williams
66%
Lasse redn Die Ärzte
60%
Boulevard of Broken Dreams Green Day
60%
Drivers License Olivia Rodrigo
60%
I Will Always Love You Whitney Houston
60%
All Of Me John Legend
59%
Faded Alan Walker
58%
Whistle Flo Rida
58%
Stan Eminem
56%
Summer of '69 Bryan Adams
55%
Jailhouse Rock Elvis Presley
55%
Timber Ke$ha
54%
I Gotta Feeling The Black Eyed Peas
54%
Stressed Out 21 pilots
48%
Stolen Dance Milky Chance
43%
YMCA Village People
40%
Blue Eiffel 65
38%
The Best Tina Turner
32%
Bonfire Heart James Blunt
30%
Dragosta Din Tei O- Zone
27%
Summer Calvin Harris
26%
Rather Be Clean Bandit
23%
Little Hollywood Alle Farben
21%
Subeme La Radio Enrique Iglesias
20%
We Are Young fun
20%
Shut Up and Dance Walk The Moon
20%
What's Up 4 Non Blondes
19%
Patience Take that
19%
All we got Robin Schulz
12%
The One Rea Garvey
8%
Keine übereinstimmenden Quizze gefunden
Verteilung der Resultate
Anzahl Personen mit jedem Resultat
Perzentil nach korrekt beantworteten Fragen
Ihre Resultats-Entwicklung
Sie haben dieses Quiz seit der letzten Aktualisierung nicht gespielt